000 01518nam0a2200361 4500
001 RU\NLR\BIBL_A\012877639
005 20221025114733.0
010 _a978-5-17-112803-6
_95000
021 _aRU
_bКН-П-22-044312
_9КН-П-22-3830
021 _aRU
_bКН-П-25-063782
_9КН-П-25-6178
035 _a(NLR Aleph) 012877639
090 _a12509409
_c12509409
100 _a20220830d2022 c y0rusy50 ca
101 1 _arus
_cfre
102 _aRU
105 _aa z 000ay
181 0 _ai3
_baxxe
181 0 _ab2
_bxb2e
182 0 _an
200 1 _aМаленький принц
_e[сказочная повесть
_eдля младшего школьного возраста]
_fАнтуан де Сент-Экзюпери
_gперевод [с французского] Норы Галь
_gрисунки автора
203 _aТекст
_aИзображение
_bвизуальные
_cнепосредственные
210 _aМосква
_cМалыш
_cАСТ
_d2022
215 _a92, [3] с.
_cил., цв. ил.
_d22
225 1 _aБиблиотека начальной школы
333 _a6+
686 0 _aШ9(4Фр)60-4
700 1 _aСент-Экзюпери
_bА. де
_f1900-1944
_gАнтуан де
_3RU\NLR\AUTH\777344
702 1 _aСент-Экзюпери
_bА. де
_f1900-1944
_gАнтуан де
_3RU\NLR\AUTH\777344
_4440
942 _cBOOK
980 _aNB